[Event "ICS Rated blitz match"]
[Site "204.178.125.65"]
[Date "1999.08.01"]
[Round "?"]
[White "Florina"]
[Black "Hossa"]
[Result "0-1"]
[WhiteElo "2011"]
[BlackElo "2444"]
[PlyCount "102"]
[EventDate "1999.??.??"]

1. e4 e5 2. d4 exd4 3. c3 dxc3 4. Bc4 cxb2 5. Bxb2 Bb4+ 6. Nc3 Nf6 7. Nge2 Nxe4
8. O-O Nxc3 9. Nxc3 Bxc3 10. Bxc3 Nc6 11. Bxg7 d5 12. Re1+ Be6 13. Bxh8 dxc4
14. Rxe6+ fxe6 15. Qh5+ Kf8 16. Qh6+ Ke8 17. Qxe6+ Qe7 18. Qg8+ Qf8 19. Re1+
Ne7 20. Qxh7 Qf7 21. Qh4 Kd7 22. Qd4+ Nd5 23. Be5 b5 24. Rd1 c6 25. Qc5 Qe6 26.
Bg3 a5 27. h4 a4 28. a3 Rc8 29. h5 Ke8 30. h6 Kf7 31. h7 Kg6 32. Qd4 Kxh7 33.
Qh4+ Kg6 34. Rd4 Qf5 35. Rg4+ Kf7 36. Rg5 Qb1+ 37. Kh2 Nf6 38. Be5 Qh7 39.
Qxh7+ Nxh7 40. Rg7+ Ke6 41. Bc3 Nf6 42. Rg6 Rf8 43. g4 b4 44. axb4 Ke7 45.
Bxf6+ Rxf6 46. Rxf6 Kxf6 47. f4 c3 48. Kg3 c2 49. Kh4 c1=Q 50. g5+ Kf5 51. Kh5
51... Qh1# {Florina checkmated} 0-1

[Event "ICS rated blitz match"]
[Site "204.178.125.65"]
[Date "1999.08.01"]
[Round "?"]
[White "brutus"]
[Black "Hossa"]
[Result "0-1"]
[WhiteElo "2080"]
[BlackElo "2450"]
[PlyCount "94"]
[EventDate "1999.??.??"]

1. e4 e5 2. Nf3 Nf6 3. Nc3 Bb4 4. Bc4 d6 5. d3 d5 6. exd5 Nxd5 7. Bd2 Bxc3 8.
bxc3 Bg4 9. Qe2 O-O 10. h3 Bxf3 11. Qxf3 c6 12. O-O Nb6 13. Bb3 N8d7 14. Rfe1
Qe7 15. d4 Qd6 16. Rad1 exd4 17. cxd4 Qxd4 18. Bc3 Qc5 19. Re4 Rad8 20. Rg4 Ne5
21. Rxg7+ Kxg7 22. Qg3+ Kf6 23. Qf4+ Ke7 24. Re1 Qxc3 25. Rxe5+ Kd7 26. Qf5+
Kc7 27. Re7+ Rd7 28. Qf4+ Kd8 29. Re3 Qa1+ 30. Kh2 Qd4 31. Re4 Qd6 32. Re5 f6
33. Rf5 Qxf4+ 34. Rxf4 Rd2 35. g4 Nd7 36. Kg3 Nc5 37. h4 Nxb3 38. cxb3 Rxa2 39.
Rf5 Rd2 40. Rh5 Rf7 41. Rh6 Rd3+ 42. Kf4 Rxb3 43. Kf5 Rf3+ 44. Ke6 Re7+ 45. Kd6
Rxf2 46. g5 Rf5 47. h5 47... Rd5# {brutus checkmated} 0-1

[Event "ICS rated blitz match"]
[Site "204.178.125.65"]
[Date "1999.08.01"]
[Round "?"]
[White "izirom"]
[Black "Hossa"]
[Result "1-0"]
[WhiteElo "2050"]
[BlackElo "2453"]
[PlyCount "83"]
[EventDate "1999.??.??"]

1. e4 e5 2. Nf3 Nf6 3. Nxe5 Nxe4 4. Qe2 d5 5. d3 Qe7 6. dxe4 Qxe5 7. exd5 Bd6
8. Nd2 O-O 9. Qxe5 Bxe5 10. Nc4 Re8 11. Be3 Bg4 12. f3 Bd4 13. Kf2 Bxe3+ 14.
Nxe3 Bh5 15. Bb5 c6 16. dxc6 Nxc6 17. Bxc6 bxc6 18. Rad1 Re7 19. Rd6 Rae8 20.
Re1 c5 21. Rd5 Re5 22. Rxe5 Rxe5 23. g4 Bg6 24. f4 Rxe3 25. Rxe3 f5 26. Re5
fxg4 27. f5 Bf7 28. Rxc5 Bxa2 29. b3 Bb1 30. Ke3 a5 31. Kd2 a4 32. bxa4 g6 33.
a5 g3 34. hxg3 gxf5 35. a6 Ba2 36. a7 Kg7 37. c4 Bb1 38. a8=Q Kg6 39. Qg8+ Kh5
40. Ke3 Be4 41. Kf4 Bd5 42. Qg5# {Hossa checkmated} 1-0

[Event "ICS rated blitz match"]
[Site "204.178.125.65"]
[Date "1999.08.01"]
[Round "?"]
[White "Hossa"]
[Black "Moontan"]
[Result "1-0"]
[WhiteElo "2424"]
[BlackElo "2039"]
[PlyCount "62"]
[EventDate "1999.??.??"]

1. d4 Nf6 2. c4 e5 3. d5 Bb4+ 4. Bd2 Bxd2+ 5. Nxd2 d6 6. e4 a5 7. Bd3 Na6 8.
Qa4+ Bd7 9. Qxa5 c5 10. Qxd8+ Kxd8 11. Ne2 Kc7 12. O-O g5 13. a3 Rag8 14. f3 h5
15. b3 h4 16. Rfd1 Nh5 17. Ra2 g4 18. fxg4 Rxg4 19. Rf1 Rhg8 20. Rf2 f6 21. Nf1
R4g7 22. Ra1 Bg4 23. Ne3 Bxe2 24. Bxe2 Nf4 25. Kh1 Kb6 26. Bf3 Kc7 27. Nf5 Rh7
28. Rff1 Nb8 29. a4 Nd7 30. a5 Nf8 31. a6 31... bxa6 {Moontan resigns} 1-0

[Event "ICS Rated blitz match"]
[Site "204.178.125.65"]
[Date "1999.08.01"]
[Round "?"]
[White "champion-10"]
[Black "Hossa"]
[Result "0-1"]
[WhiteElo "2000"]
[BlackElo "2427"]
[PlyCount "38"]
[EventDate "1999.??.??"]

1. e4 e5 2. Nf3 Nf6 3. Nc3 Bb4 4. Nxe5 Qe7 5. Nd3 Bxc3 6. dxc3 Nxe4 7. Be2 O-O
8. Nf4 Re8 9. O-O Nc6 10. c4 d6 11. Nd5 Qd8 12. f3 Nc5 13. Bf4 Bf5 14. Qd2 Nd4
15. Bd3 Bxd3 16. cxd3 Re2 17. Qc3 Nce6 18. Be3 Rxe3 19. Nxe3 19... Ne2+ {
champion-10 resigns} 0-1

[Event "ICS rated blitz match"]
[Site "204.178.125.65"]
[Date "1999.08.01"]
[Round "?"]
[White "Hossa"]
[Black "Yousef"]
[Result "1-0"]
[WhiteElo "2430"]
[BlackElo "2063"]
[PlyCount "43"]
[EventDate "1999.??.??"]

1. d4 d5 2. c4 e6 3. Nc3 Nf6 4. cxd5 exd5 5. Bg5 Nbd7 6. e3 Bb4 7. Bd3 O-O 8.
Nge2 c6 9. O-O h6 10. Bf4 Re8 11. Rc1 Nf8 12. Qa4 Bd6 13. Bxd6 Qxd6 14. Qc2 Ng4
15. Ng3 h5 16. e4 dxe4 17. Ncxe4 Qh6 18. h3 Nf6 19. Rce1 h4 20. Nxf6+ Qxf6 21.
Rxe8 hxg3 22. Bh7+ {Yousef resigns} 1-0

[Event "ICS rated blitz match"]
[Site "204.178.125.65"]
[Date "1999.08.01"]
[Round "?"]
[White "Gurz"]
[Black "Hossa"]
[Result "0-1"]
[WhiteElo "2004"]
[BlackElo "2446"]
[PlyCount "50"]
[EventDate "1999.??.??"]

1. d4 e6 2. c4 Bb4+ 3. Bd2 c5 4. Bxb4 cxb4 5. a3 d5 6. c5 bxa3 7. Nxa3 Qa5+ 8.
Qd2 Qxd2+ 9. Kxd2 Bd7 10. e3 Nf6 11. Bb5 O-O 12. f3 Bxb5 13. Nxb5 Nc6 14. Ne2
a5 15. Nec3 e5 16. dxe5 Nxe5 17. b3 Rfd8 18. Ra4 Ned7 19. Rha1 Nxc5 20. R4a3
Rac8 21. Nd4 b6 22. Na4 Nxa4 23. bxa4 Rc4 24. Rb1 Nd7 25. Kd3 25... Nc5+ {
Gurz resigns} 0-1

[Event "ICS rated blitz match"]
[Site "204.178.125.65"]
[Date "1999.08.01"]
[Round "?"]
[White "Gurz"]
[Black "Hossa"]
[Result "0-1"]
[WhiteElo "2000"]
[BlackElo "2450"]
[PlyCount "106"]
[EventDate "1999.??.??"]

1. d4 e6 2. Nf3 d5 3. c3 Bd6 4. g3 c5 5. dxc5 Bxc5 6. Bg2 Ne7 7. O-O O-O 8. Qc2
f6 9. Rd1 Qb6 10. e3 e5 11. b4 Bf5 12. Qd2 Bd6 13. Nh4 Be6 14. a3 Rd8 15. Bb2
Nbc6 16. Qe2 a6 17. Nd2 g5 18. Nhf3 Rd7 19. c4 g4 20. Nh4 Rad8 21. cxd5 Nxd5
22. Nc4 Qb5 23. a4 Nc3 24. Bxc3 Qxc4 25. Qxc4 Bxc4 26. Nf5 Bxb4 27. Rxd7 Rxd7
28. Bxc6 Bxc3 29. Bxd7 Bxa1 30. Bc8 b6 31. Nd6 Bb3 32. Bxa6 Bxa4 33. Be2 Bd7
34. Bb5 Bxb5 35. Nxb5 Kf7 36. e4 Bb2 37. f3 gxf3 38. Kf2 Ke7 39. Kxf3 Kd7 40.
Kg4 Bd4 41. Kf5 Kc6 42. Na7+ Kc5 43. g4 b5 44. Nxb5 Kxb5 45. Kxf6 Kc4 46. h4
Kd3 47. Kf5 Bc3 48. g5 Kd4 49. h5 Bd2 50. g6 hxg6+ 51. hxg6 Bh6 52. Kg4 Kxe4
53. Kh5 53... Bg7 {Gurz resigns} 0-1

[Event "ICS rated blitz match"]
[Site "204.178.125.65"]
[Date "1999.08.01"]
[Round "?"]
[White "Hossa"]
[Black "Nicy"]
[Result "1-0"]
[WhiteElo "2452"]
[BlackElo "2230"]
[PlyCount "29"]
[EventDate "1999.??.??"]

1. d4 f5 2. c4 Nf6 3. Nc3 e6 4. e3 d5 5. Bd3 c6 6. Bd2 Bd6 7. Nf3 O-O 8. O-O
Nbd7 9. cxd5 cxd5 10. Nb5 Be7 11. Rc1 Qb6 12. Qe1 a6 13. Ba5 Qxb5 14. Bxb5 axb5
15. a3 {Nicy resigns} 1-0

[Event "ICS Rated blitz match"]
[Site "204.178.125.65"]
[Date "1999.08.01"]
[Round "?"]
[White "libertad"]
[Black "Hossa"]
[Result "0-1"]
[WhiteElo "2329"]
[BlackElo "2466"]
[PlyCount "49"]
[EventDate "1999.??.??"]

1. d4 e6 2. e4 d5 3. Nd2 c5 4. exd5 Qxd5 5. Ngf3 cxd4 6. Bc4 Qc5 7. Qe2 Nc6 8.
O-O Be7 9. Nb3 Qd6 10. Bb5 Bd7 11. Rd1 O-O-O 12. c3 d3 13. Rxd3 Qc7 14. Be3 a6
15. Bxc6 Bxc6 16. Rad1 Rxd3 17. Qxd3 Bxf3 18. gxf3 Nf6 19. Bd4 Bd6 20. h3 Rd8
21. Qe3 Bh2+ 22. Kg2 Bf4 23. Qe2 Nd5 24. Bc5 Bh2 25. a4 {libertad resigns} 0-1

[Event "ICS rated blitz match"]
[Site "204.178.125.65"]
[Date "1999.08.01"]
[Round "?"]
[White "Hossa"]
[Black "CXEB"]
[Result "1-0"]
[WhiteElo "2476"]
[BlackElo "2200"]
[PlyCount "85"]
[EventDate "1999.??.??"]

1. d4 Nf6 2. c4 c5 3. d5 b5 4. cxb5 a6 5. f3 g6 6. e4 d6 7. Nc3 Bg7 8. a4 O-O
9. Nge2 axb5 10. Nxb5 Na6 11. Nf4 Nd7 12. Bd3 Nb4 13. O-O Ne5 14. Be2 c4 15.
Be3 Ba6 16. Nd4 Bh6 17. b3 Bxf4 18. Bxf4 Ned3 19. Be3 Qa5 20. Bxd3 Nxd3 21.
bxc4 Bxc4 22. Nc6 Qc7 23. Qc2 Ba6 24. Rfb1 Rfc8 25. Bb6 Qd7 26. Qd2 Ne5 27.
Nxe5 dxe5 28. Qh6 Bd3 29. Rb4 Rc2 30. Ra3 Qc8 31. Rxd3 Rc1+ 32. Kf2 Qc2+ 33.
Qd2 Rc8 34. Kg3 Qxd2 35. Rxd2 f5 36. exf5 gxf5 37. Re2 Kf7 38. Rxe5 Rg8+ 39.
Kh3 Rc2 40. Rxf5+ Ke8 41. Rg4 Kd7 42. Rxg8 Kd6 43. Rd8# {CXEB checkmated} 1-0

[Event "ICS rated blitz match"]
[Site "204.178.125.65"]
[Date "1999.08.01"]
[Round "?"]
[White "Hossa"]
[Black "pully"]
[Result "1-0"]
[WhiteElo "2473"]
[BlackElo "2037"]
[PlyCount "97"]
[EventDate "1999.??.??"]

1. d4 Nf6 2. c4 e6 3. Nc3 d5 4. Bf4 Be7 5. e3 O-O 6. Bd3 c6 7. Nge2 dxc4 8.
Bxc4 b5 9. Bd3 a6 10. O-O Bb7 11. a4 b4 12. Ne4 Nxe4 13. Bxe4 Qd7 14. Rc1 Rc8
15. Ng3 c5 16. dxc5 Qxd1 17. Rfxd1 Bxe4 18. Nxe4 Ra7 19. Bxb8 Rxb8 20. c6 Rc8
21. Nd6 Bxd6 22. Rxd6 Kf8 23. e4 e5 24. g3 Rac7 25. f4 Ke7 26. fxe5 Rd8 27.
Rxd8 Kxd8 28. h4 Ke7 29. a5 Ke6 30. Rc5 h5 31. Kg2 g6 32. Kf3 f6 33. exf6 Kxf6
34. Ke3 Ke6 35. Kd4 Kd6 36. e5+ Ke6 37. Kc4 Rc8 38. Kxb4 Rb8+ 39. Ka4 Kf5 40.
c7 Rc8 41. b4 Kg4 42. b5 axb5+ 43. Kxb5 Kxg3 44. Kc6 Kxh4 45. Kb7 Rxc7+ 46.
Kxc7 g5 47. e6 g4 48. e7 g3 49. e8=Q {pully resigns} 1-0

[Event "ICS Rated blitz match"]
[Site "204.178.125.65"]
[Date "1999.08.01"]
[Round "?"]
[White "Hossa"]
[Black "CXEB"]
[Result "1-0"]
[WhiteElo "2475"]
[BlackElo "2359"]
[PlyCount "85"]
[EventDate "1999.??.??"]

1. d4 d5 2. c4 e6 3. Nc3 Bb4 4. cxd5 exd5 5. Bf4 Ne7 6. Qa4+ Nbc6 7. e3 Bxc3+
8. bxc3 O-O 9. Bb5 Bd7 10. Ne2 Ng6 11. O-O a6 12. Bxc6 Bxc6 13. Qd1 Bb5 14. Bg3
Qe7 15. Re1 Bxe2 16. Qxe2 f5 17. Qh5 Rae8 18. Reb1 Qe4 19. Bxc7 f4 20. exf4
Nxf4 21. Bxf4 Qxf4 22. Qxd5+ Kh8 23. Rb2 b5 24. a4 Rf5 25. Qc6 Rff8 26. axb5
axb5 27. Qxb5 Qe4 28. Qf1 Rc8 29. Re1 Qd5 30. Re3 h5 31. Rb5 Qf7 32. Rbe5 Rce8
33. Rf3 Qg6 34. Qb5 Rxf3 35. Qxe8+ Qxe8 36. Rxe8+ Rf8 37. Rxf8+ Kh7 38. d5 Kg6
39. d6 Kg5 40. d7 h4 41. d8=Q+ Kg4 42. f4 g6 43. Qg5# {CXEB checkmated} 1-0

[Event "ICS rated blitz match"]
[Site "204.178.125.65"]
[Date "1999.08.01"]
[Round "?"]
[White "CXEB"]
[Black "Hossa"]
[Result "0-1"]
[WhiteElo "2299"]
[BlackElo "2477"]
[PlyCount "114"]
[EventDate "1999.??.??"]

1. e4 e5 2. Qe2 Nc6 3. c3 Nf6 4. d3 d5 5. Nf3 Bg4 6. g3 Qd6 7. Bg2 dxe4 8. dxe4
O-O-O 9. O-O Qd7 10. Bg5 Bh3 11. Nbd2 h6 12. Bxf6 gxf6 13. Rfd1 Bxg2 14. Kxg2
Bg7 15. Nf1 Qe6 16. Ne3 Rxd1 17. Rxd1 Qxa2 18. Nf5 Bf8 19. Qb5 a6 20. Qe2 Qb3
21. Rd2 Rg8 22. Ne1 Kb8 23. Nd3 Qa2 24. Nc1 Qb1 25. Nd3 Ka8 26. Ne1 Qa2 27. Rd7
Qe6 28. Qd3 Bd6 29. Rxd6 cxd6 30. Qxd6 h5 31. Nf3 Qxd6 32. Nxd6 Rg4 33. Nd2 Rg7
34. N2c4 Rh7 35. h4 Ka7 36. Ne8 Rh6 37. Ncd6 Ne7 38. Nxf7 Rg6 39. Nfd6 Kb6 40.
Nc4+ Kc6 41. Ncd6 Kd7 42. b4 Rg8 43. Nxf6+ Kxd6 44. Nxg8 Nxg8 45. c4 Ne7 46.
Kf3 Nc6 47. b5 Nd4+ 48. Ke3 a5 49. f3 a4 50. g4 a3 51. g5 a2 52. g6 a1=Q 53. g7
Qg1+ 54. Kd3 Qd1+ 55. Kc3 Qb3+ 56. Kd2 Qc2+ 57. Ke1 57... Qe2# {CXEB checkmated
} 0-1

[Event "ICS rated blitz match"]
[Site "204.178.125.65"]
[Date "1999.08.01"]
[Round "?"]
[White "Hossa"]
[Black "fjolset"]
[Result "1-0"]
[WhiteElo "2479"]
[BlackElo "2149"]
[PlyCount "69"]
[EventDate "1999.??.??"]

1. d4 d5 2. c4 e6 3. Nc3 f5 4. Bf4 Nf6 5. Qa4+ c6 6. O-O-O Bd6 7. Bxd6 Qxd6 8.
g3 O-O 9. e3 Nbd7 10. f4 Ne4 11. Nh3 Nb6 12. Qb3 Qc7 13. Bd3 a5 14. Rdf1 a4 15.
Qa3 Nxc4 16. Bxc4 dxc4 17. Nxe4 fxe4 18. Ng5 b5 19. Kc2 Bd7 20. Nxe4 Rfb8 21.
Qe7 b4 22. Nc5 Rd8 23. Nxe6 b3+ 24. Kb1 bxa2+ 25. Kxa2 Bxe6 26. Qxc7 c3+ 27.
Ka1 Rdb8 28. bxc3 Rb3 29. Qxc6 Ra3+ 30. Kb2 Rb8+ 31. Kxa3 Rb3+ 32. Kxa4 Kf7 33.
f5 Bxf5 34. Rxf5+ Kg8 35. Qe8# {fjolset checkmated} 1-0

[Event "ICS rated blitz match"]
[Site "204.178.125.65"]
[Date "1999.08.01"]
[Round "?"]
[White "fjolset"]
[Black "Hossa"]
[Result "0-1"]
[WhiteElo "2145"]
[BlackElo "2483"]
[PlyCount "72"]
[EventDate "1999.??.??"]

1. d4 e6 2. e3 d5 3. Bd3 Qg5 4. Bf1 c5 5. f4 Qh4+ 6. g3 Qd8 7. c3 Bd6 8. Nf3
Ne7 9. Bd3 O-O 10. O-O b6 11. Nbd2 cxd4 12. exd4 Nf5 13. Qe2 Nd7 14. Ne5 Nf6
15. g4 Ne7 16. Qg2 Re8 17. Rf3 Bb7 18. Qg3 a5 19. Qh4 Nc8 20. Rh3 h6 21. Ndf3
Ba6 22. Bc2 Bb7 23. g5 Nd7 24. Bd2 f6 25. Qh5 fxe5 26. fxe5 Bf8 27. gxh6 gxh6
28. Rg3+ Bg7 29. Bxh6 Re7 30. Qg6 Nf8 31. Qg4 Qd7 32. Rf1 Ba6 33. Rf2 Ra7 34.
Nh4 Rf7 35. Rxf7 Qxf7 36. Ng6 36... Qf1# {fjolset checkmated} 0-1

[Event "ICS rated blitz match"]
[Site "204.178.125.65"]
[Date "1999.08.01"]
[Round "?"]
[White "Hossa"]
[Black "jyrkip"]
[Result "1-0"]
[WhiteElo "2487"]
[BlackElo "2057"]
[PlyCount "83"]
[EventDate "1999.??.??"]

1. d4 f5 2. c4 Nf6 3. Nc3 e6 4. e3 d5 5. Bd3 c6 6. Bd2 Bd6 7. Nf3 O-O 8. O-O
Nbd7 9. cxd5 cxd5 10. Nb5 Bb8 11. Bb4 Re8 12. Nd6 Bxd6 13. Bxd6 Ne4 14. Bf4
Ndf6 15. Ne5 Bd7 16. f3 Nd6 17. Bg5 Bc6 18. Nxc6 bxc6 19. Rc1 Rc8 20. Ba6 Rc7
21. Qa4 Qd7 22. Bxf6 gxf6 23. f4 Ne4 24. a3 Kh8 25. b4 Rg8 26. Rc2 Qg7 27. Rfc1
Qg4 28. Re1 Rg6 29. Bf1 Rh6 30. Ree2 Qh4 31. g3 Nxg3 32. hxg3 Qxg3+ 33. Bg2 e5
34. Rxc6 Rxc6 35. Qxc6 exf4 36. Qd6 Rg6 37. Qf8+ Rg8 38. Qxf6+ Rg7 39. exf4 h5
40. Qh6+ Kg8 41. Re8+ Kf7 42. Qe6# {jyrkip checkmated} 1-0

[Event "ICS rated blitz match"]
[Site "204.178.125.65"]
[Date "1999.08.01"]
[Round "?"]
[White "zhora"]
[Black "Hossa"]
[Result "0-1"]
[WhiteElo "2016"]
[BlackElo "2491"]
[PlyCount "80"]
[EventDate "1999.??.??"]

1. e4 e5 2. Nf3 Nf6 3. Nc3 Bb4 4. a3 Bxc3 5. bxc3 O-O 6. d3 Re8 7. Be2 d5 8.
exd5 Nxd5 9. Bd2 e4 10. dxe4 Rxe4 11. O-O Bg4 12. Bd3 Re6 13. h3 Bh5 14. c4 Nb6
15. Bc3 Qd6 16. Re1 Nc6 17. Rxe6 Qxe6 18. Bxh7+ Kxh7 19. Ng5+ Kg6 20. Qxh5+
Kxh5 21. Nxe6 fxe6 22. Bxg7 Nxc4 23. Re1 Rg8 24. Bf6 Nxa3 25. Rxe6 Nxc2 26. f4
Kg6 27. g4 Kf7 28. f5 N2d4 29. Bxd4 Nxd4 30. Re4 c5 31. Kg2 Re8 32. Rxe8 Kxe8
33. Kg3 a5 34. Kf4 a4 35. g5 a3 36. g6 a2 37. f6 a1=Q 38. h4 Qf1+ 39. Ke5 Qf5+
40. Kd6 40... Nb5# {zhora checkmated} 0-1

[Event "ICS rated blitz match"]
[Site "204.178.125.65"]
[Date "1999.08.01"]
[Round "?"]
[White "Hossa"]
[Black "zhora"]
[Result "1-0"]
[WhiteElo "2493"]
[BlackElo "2014"]
[PlyCount "91"]
[EventDate "1999.??.??"]

1. d4 c5 2. dxc5 e6 3. Nc3 Bxc5 4. Ne4 Be7 5. Nd6+ Bxd6 6. Qxd6 Qe7 7. Bf4 Nc6
8. O-O-O e5 9. Bg3 Qxd6 10. Rxd6 Ke7 11. Rd2 Nf6 12. Bh4 d6 13. e4 Be6 14. Ne2
h6 15. Bxf6+ gxf6 16. Nc3 Nd4 17. Bd3 a6 18. Re1 Rac8 19. f4 Kf8 20. fxe5 fxe5
21. Rf1 Ke7 22. Kb1 Rhg8 23. Rff2 b5 24. Ne2 Nxe2 25. Bxe2 Bc4 26. Bd1 a5 27.
c3 b4 28. cxb4 axb4 29. a4 bxa3 30. bxa3 Ra8 31. Kb2 Rgb8+ 32. Kc3 Be6 33. a4
Rb1 34. Bc2 Rc8+ 35. Kd3 Bc4+ 36. Ke3 Rc1 37. g3 Ba6 38. Kf3 Rc3+ 39. Kg4 Kf8
40. Kh5 Kg7 41. Kh4 Rh1 42. Rxd6 Bb7 43. Rd7 Bc6 44. Rdxf7+ Kg8 45. Rc7 Rc1 46.
Rd2 {zhora resigns} 1-0

[Event "ICS rated blitz match"]
[Site "204.178.125.65"]
[Date "1999.08.02"]
[Round "?"]
[White "ratasudaca"]
[Black "Hossa"]
[Result "0-1"]
[WhiteElo "2174"]
[BlackElo "2499"]
[PlyCount "100"]
[EventDate "1999.??.??"]

1. e4 e5 2. Nf3 Nf6 3. Nxe5 Nxe4 4. d4 d6 5. Nf3 d5 6. Bd3 Be7 7. O-O O-O 8. c4
Bg4 9. cxd5 Nf6 10. h3 Bxf3 11. Qxf3 Qxd5 12. Qxd5 Nxd5 13. Nc3 Nxc3 14. bxc3
Re8 15. Bf4 Bd6 16. Bxd6 cxd6 17. Rab1 b6 18. Rfe1 Nd7 19. Bb5 Rxe1+ 20. Rxe1
Nf6 21. Re7 Nd5 22. Rd7 Nxc3 23. Bc6 Rc8 24. d5 Nxa2 25. Rxa7 Nc3 26. Rd7 b5
27. Rxd6 b4 28. Bb7 Rb8 29. Ba6 b3 30. Bd3 b2 31. Rd7 g6 32. d6 b1=R+ 33. Bxb1
Rxb1+ 34. Kh2 Rb8 35. Rc7 Nb5 36. Rd7 Kg7 37. Kg3 Rb6 38. Rd8 Rxd6 39. Rb8 Nd4
40. Rb7 h5 41. Rb8 f5 42. Rb7+ Kf6 43. h4 Re6 44. Kh3 Ke5 45. f3 Kf4 46. Rb4
Ke3 47. Rb8 Nc6 48. Rb6 Kf4 49. Kh2 Nd4 50. Ra6 50... Rxa6 {ratasudaca resigns}
0-1

[Event "ICS rated blitz match"]
[Site "204.178.125.65"]
[Date "1999.08.02"]
[Round "?"]
[White "mkarp"]
[Black "Hossa"]
[Result "0-1"]
[WhiteElo "2148"]
[BlackElo "2507"]
[PlyCount "114"]
[EventDate "1999.??.??"]

1. e4 e5 2. Nf3 Nf6 3. Nxe5 Nxe4 4. Qe2 d5 5. d3 Qe7 6. dxe4 Qxe5 7. exd5 Bd6
8. Nd2 O-O 9. Qxe5 Bxe5 10. Nc4 Re8 11. Be2 Bg4 12. f3 Bf5 13. Ne3 Bxb2 14.
Bxb2 Rxe3 15. Kd2 Re8 16. c4 Na6 17. Ba3 Rad8 18. Rhe1 c6 19. Bd3 Rxe1 20. Rxe1
Bxd3 21. Kxd3 cxd5 22. Re7 dxc4+ 23. Kxc4 Rc8+ 24. Kd4 Nc7 25. Ke5 f6+ 26. Ke4
Nb5 27. Bb4 Rc4+ 28. Kd5 Rxb4 29. Kc5 a5 30. Rxb7 Nc3 31. Rxb4 axb4 32. Kc4
Nxa2 33. Kb3 Nc1+ 34. Kxb4 Nd3+ 35. Kc4 Ne1 36. g3 g5 37. Kd5 Nxf3 38. Ke6 Kg7
39. h3 h5 40. Kf5 Ng1 41. h4 Ne2 42. hxg5 Nxg3+ 43. Kf4 Kg6 44. gxf6 h4 45. Kg4
Nf5 46. Kh3 Kxf6 47. Kh2 Kg5 48. Kh3 Ne3 49. Kh2 Kg4 50. Kh1 Kg3 51. Kg1 h3 52.
Kh1 Nc4 53. Kg1 Nd2 54. Kh1 Ne4 55. Kg1 h2+ 56. Kf1 h1=Q+ 57. Ke2 57... Qf3+ {
mkarp resigns} 0-1

[Event "ICS rated blitz match"]
[Site "204.178.125.65"]
[Date "1999.08.02"]
[Round "?"]
[White "Hossa"]
[Black "mkarp"]
[Result "1-0"]
[WhiteElo "2511"]
[BlackElo "2144"]
[PlyCount "51"]
[EventDate "1999.??.??"]

1. d4 Nf6 2. c4 g6 3. Nc3 Bg7 4. e4 O-O 5. Bg5 d6 6. f3 Nbd7 7. f4 c5 8. d5 Qa5
9. Bd3 a6 10. Nge2 b5 11. O-O bxc4 12. Bxc4 Nb6 13. Bb3 c4 14. Bc2 Re8 15. f5
gxf5 16. Bxf6 Bxf6 17. exf5 Bb7 18. Be4 Kh8 19. Qd2 Rg8 20. Rad1 Rg7 21. Rde1
Rag8 22. Nf4 Be5 23. Re3 Na4 24. f6 exf6 25. Nh5 Qc5 26. Nxa4 {mkarp resigns}
1-0

[Event "ICS rated blitz match"]
[Site "204.178.125.65"]
[Date "1999.08.02"]
[Round "?"]
[White "Hossa"]
[Black "SuperChicken"]
[Result "0-1"]
[WhiteElo "2514"]
[BlackElo "2746"]
[PlyCount "75"]
[EventDate "1999.??.??"]

1. d4 Nf6 2. c4 e6 3. Nc3 d5 4. Bf4 Bd6 5. Bg3 b6 6. Bxd6 Qxd6 7. cxd5 Nxd5 8.
e4 Nxc3 9. bxc3 Bb7 10. Bb5+ Nd7 11. Bxd7+ Qxd7 12. f3 O-O 13. Ne2 Ba6 14. Kf2
f5 15. e5 Rfd8 16. Nf4 Bc4 17. Qc2 Qe7 18. h4 c5 19. Qd2 Rd7 20. Rad1 cxd4 21.
cxd4 Qa3 22. Rc1 Qxa2 23. Rc2 Qa6 24. Qc3 b5 25. Rb1 Qc6 26. Kg1 a5 27. Qd2 a4
28. Rb4 a3 29. Qc3 a2 30. Qa1 Rxd4 31. Rxa2 Rad8 32. Kh2 Rxf4 33. Kg3 Rfd4 34.
Ra6 Qc5 35. Qe1 Qe7 36. Kh3 Rd1 37. Rb1 Rxe1 38. Rxe1 {Hossa resigns} 0-1

[Event "ICS rated blitz match"]
[Site "204.178.125.65"]
[Date "1999.08.02"]
[Round "?"]
[White "Hossa"]
[Black "j724"]
[Result "1-0"]
[WhiteElo "2507"]
[BlackElo "2139"]
[PlyCount "55"]
[EventDate "1999.??.??"]

1. d4 Nf6 2. c4 c5 3. d5 d6 4. Nc3 g6 5. e4 Bg7 6. Bd3 O-O 7. Nge2 e6 8. Bg5 h6
9. Bh4 exd5 10. cxd5 a6 11. O-O Nbd7 12. b3 Ne5 13. f3 b5 14. a3 Qc7 15. Bc2 c4
16. Bf2 Nfd7 17. Bd4 Nc5 18. bxc4 Nxc4 19. Bxg7 Kxg7 20. Qd4+ Kg8 21. a4 Bd7
22. Rfc1 Ne5 23. f4 Ng4 24. h3 b4 25. Qxb4 Ne3 26. Nd1 Nxc2 27. Rxc2 Rab8 28.
Qd4 {j724 resigns} 1-0

[Event "ICS rated blitz match"]
[Site "204.178.125.65"]
[Date "1999.08.02"]
[Round "?"]
[White "populio"]
[Black "Hossa"]
[Result "0-1"]
[WhiteElo "2141"]
[BlackElo "2510"]
[PlyCount "138"]
[EventDate "1999.??.??"]

1. e4 e5 2. Nf3 Nf6 3. Nxe5 Nxe4 4. Nc3 Nxc3 5. dxc3 Qe7 6. Qe2 d6 7. Nd3 Be6
8. Nf4 Nc6 9. Nxe6 Qxe6 10. Bg5 Be7 11. Bxe7 Nxe7 12. Qxe6 fxe6 13. O-O-O O-O-O
14. Re1 e5 15. f4 Ng6 16. f5 Nh4 17. Bd3 Rhf8 18. Ref1 Rde8 19. g3 Ng2 20. Kd2
e4 21. Bc4 d5 22. Bb3 c5 23. Rhg1 b5 24. a4 bxa4 25. Bxa4 Re5 26. Rxg2 Rexf5
27. Rxf5 Rxf5 28. Ke2 Kc7 29. Rf2 Rg5 30. Be8 Kb6 31. Bf7 Re5 32. Ke3 Kc6 33.
g4 Kd6 34. Rf5 Rxf5 35. gxf5 Ke5 36. Bg8 d4+ 37. cxd4+ cxd4+ 38. Ke2 Kxf5 39.
Bxh7+ Ke5 40. h4 Kd5 41. Bf5 Ke5 42. Bc8 Kf4 43. c3 d3+ 44. Kd2 Kf3 45. Bb7 a5
46. b4 a4 47. b5 a3 48. Bd5 a2 49. Bxa2 e3+ 50. Kxd3 e2 51. Bd5+ Kf2 52. b6
e1=Q 53. b7 Qb1+ 54. Kd4 Qb6+ 55. Ke5 Qf6+ 56. Ke4 Qxh4+ 57. Ke5 Qe7+ 58. Kd4
Qe3+ 59. Kc4 Qb6 60. Kd3 g5 61. c4 Qd6 62. Kd4 Qf4+ 63. Kc3 Ke3 64. Kb4 Kd4 65.
c5 Kxd5+ 66. Kb5 Qc4+ 67. Kb6 Qxc5+ 68. Ka6 Kc6 69. b8=Q 69... Qa3# {
populio checkmated} 0-1

[Event "ICS rated blitz match"]
[Site "204.178.125.65"]
[Date "1999.08.02"]
[Round "?"]
[White "Hossa"]
[Black "populio"]
[Result "1-0"]
[WhiteElo "2513"]
[BlackElo "2138"]
[PlyCount "61"]
[EventDate "1999.??.??"]

1. d4 g6 2. c4 Bg7 3. e4 d6 4. Nc3 e5 5. d5 Nf6 6. f3 Nh5 7. Be3 O-O 8. g4 Nf4
9. Bxf4 exf4 10. Qd2 a5 11. O-O-O a4 12. Nb5 Bd7 13. Qxf4 Bxb5 14. cxb5 a3 15.
bxa3 Rxa3 16. Rd2 f5 17. gxf5 Qf6 18. Kd1 gxf5 19. Bc4 Qa1+ 20. Ke2 fxe4 21.
Qxe4 Qc3 22. Rc2 Qf6 23. Bd3 Qh6 24. Qe7 Qh5 25. Qe6+ Kh8 26. Rxc7 Re8 27. Rc8
Rxa2+ 28. Kd1 Ra1+ 29. Kc2 Ra2+ 30. Kb3 Rb2+ 31. Ka3 {populio resigns} 1-0

[Event "ICS rated blitz match"]
[Site "204.178.125.65"]
[Date "1999.08.02"]
[Round "?"]
[White "populio"]
[Black "Hossa"]
[Result "0-1"]
[WhiteElo "2135"]
[BlackElo "2516"]
[PlyCount "84"]
[EventDate "1999.??.??"]

1. e4 e5 2. Nf3 Nf6 3. Nxe5 Nxe4 4. Nc3 Nxc3 5. dxc3 Be7 6. Bc4 O-O 7. O-O d6
8. Nf3 c6 9. Qd4 Bf6 10. Qf4 d5 11. Bd3 Be6 12. Qg3 Qb6 13. Rb1 Nd7 14. Bh6 Kh8
15. Bg5 Rae8 16. Be3 Qa5 17. Ng5 Bxg5 18. Qxg5 Qxa2 19. Qh4 f5 20. f4 c5 21.
Ra1 Qxb2 22. Rfb1 Qxc3 23. Rxa7 c4 24. Be2 Qxe3+ 25. Qf2 Qxf2+ 26. Kxf2 Nc5 27.
Rb5 Ne4+ 28. Kf3 Bf7 29. Rbxb7 Bh5+ 30. Ke3 Nd6+ 31. Kd4 Rxe2 32. Rxg7 Nb5+ 33.
Kc5 Nxa7 34. Rxa7 Rxg2 35. c3 Rd8 36. Kd4 Rxh2 37. Ke5 Bg4 38. Kf6 Re2 39. Rb7
Re3 40. Re7 Rd6+ 41. Kg5 h6+ 42. Kh4 42... Rh3# {populio checkmated} 0-1